000 00389nam a22001457a 4500
003 MACL
005 20180529171052.0
008 180529b xxu||||| |||| 00| 0 eng d
040 _cMACL
100 _aRaina, Rajeswari S
_972666
245 _aScience, Technology and Development in India
260 _aHyderabad
_bOrient BlackSwan
_c2016
650 _aTechnology
_972667
942 _2ddc
_cBK
999 _c58168
_d58168